000 00315 a2200097 4500
082 _a305.8024 MAC
100 _aMacdonald, Kevin
245 _aUnderstanding Jewish Influence A Study in Ethnic Activism
_cKevin Macdonald
260 _aWashington :
_bWashington Summit,
_c2004
300 _a118p. :
_c29 cm
650 _aJewish Influence -- Ethnocentrism
999 _c247
_d247